| 000 | 00592nam a2200181Ia 4500 | ||
|---|---|---|---|
| 003 | GCL | ||
| 008 | 140319s9999 xx 000 0 ara d | ||
| 040 |
_aGCL / _cGCL |
||
| 082 | 0 | 4 |
_a320.54 _bم ق |
| 100 | 1 | _aمجموعة من المؤلفين | |
| 245 | 1 | 0 |
_aقراءات فى الفكر القومى / _cمجموعة من المؤلفين |
| 490 |
_aسلسلة التراث القومى _v0 |
||
| 650 | 0 | 4 | _aالسياسة |
| 650 | 0 | 4 | _aالوحدة العربية |
| 650 | 0 | 4 | _aالقومية العربية |
| 650 | 0 | 4 | _aالقومية العربية - فلسطين |
| 942 |
_2ddc _cBK |
||
| 999 |
_c48900 _d48900 |
||